| 000 | 00000nam##2200000za#4500 |
| 001 | 9.692738 |
| 003 | CaOODSP |
| 005 | 20210624233340 |
| 007 | cr ||||||||||| |
| 008 | 150407|2000||||xxc|||||o f|0| 0 eng|d |
| 040 | |aCaOODSP|beng |
| 043 | |an-cn--- |
| 086 | 1 |aE94-27/5-2001-1-1E-PDF |
| 110 | 1 |aCanada.|bCanadian International Development Agency. |
| 245 | 10|aTaking action against HIV/AIDS : |h[electronic resource]|bconfronting the global pandemic |
| 260 | |aOttawa - Ontario : |bCanadian International Development Agency |cc2000. |
| 300 | |a8p.|bgraphs, photographs |
| 590 | |a10-10-Supp|b2010-11-09 |
| 690 | 07|aAIDS (disease)|2gcpds |
| 690 | 07|aPrevention|2gcpds |
| 775 | 08|tAgir contre le VIH/sida : |w(CaOODSP)9.636953 |
| 856 | 40|ahttp://publications.gc.ca|qPDF|s1170 KB|uhttps://publications.gc.ca/collections/Collection/E94-27-5-2001-1-1E.pdf |